Determination of diagnostic action intervals for planned interval maintenance

Typy výkonu plánovanej údržby. Proces diagnostiky akčných intervalov. Ekonomické opodstatnenie údržby a využitie technickej diagnostiky.

Na minha lista:
Detalhes bibliográficos
Autor principal: Daneshjo, Naqibullah, 1964-
Outros Autores: Beke, Pavol
Formato: Capítulo de Livro
Idioma:inglês
Assuntos:
Tags: Adicionar Tag
Sem tags, seja o primeiro a adicionar uma tag!

MARC

LEADER 00000naa$a2200000$$$4500
001 0214633
005 20240502083539.1
041 0 |a eng 
044 |a GB 
245 1 0 |a Determination of diagnostic action intervals for planned interval maintenance  |c Naqibullah Daneshjo, Pavol Beke 
520 |a Typy výkonu plánovanej údržby. Proces diagnostiky akčných intervalov. Ekonomické opodstatnenie údržby a využitie technickej diagnostiky. 
610 2 0 |a modely údržby 
610 2 0 |a plán údržby 
610 2 0 |a diagnostika podniková 
100 1 |a Daneshjo, Naqibullah, 1964- 
700 1 |a Beke, Pavol